| 000 | 00607pam a2200217 a 4500 | ||
|---|---|---|---|
| 001 | 4734208 | ||
| 005 | 20180117035330.0 | ||
| 008 | 840806s1984 nyua b 001 0 eng | ||
| 010 | _a 84040372 | ||
| 020 |
_a0312515332 : _c$27.50 |
||
| 040 |
_aDLC _cDLC _dDLC |
||
| 041 | _aeng | ||
| 080 | _a330.157 | ||
| 082 | 0 | 0 |
_a330.157 REE _219 |
| 100 | 1 | _a52 | |
| 101 | _aEKO | ||
| 245 | 1 | 0 |
_aMarkets, entrepreneurs, and liberty : _cW. Duncan Reekie. |
| 504 | _aIncludes bibliographies and index. | ||
| 906 |
_a7 _bcbc _corignew _d1 _eocip _f19 _gy-gencatlg |
||
| 942 |
_2ddc _cBK |
||
| 999 |
_c40405 _d40405 |
||